000 00881nam a2200289 i 4500
003 EG-GICUC
005 20260501124104.0
008 260501s1980 fr ||||fr|||| 000 0 fre d
040 _aEG-GiCUC
_bfre
_cEG-GiCUC
_dEG-GiCUC
_erda
082 0 4 _221
_a343.651
_bTO . V
092 0 4 _221
099 _aLaw1 10 343.651 TO . V 1980
100 1 _aTouret, Denis
_eAuteur
245 1 3 _aLa Violence Du Droit :
_bUne Introduction Biojuridique /
_cDenis Touret.
_n
264 1 _aParis :
_bLa Tournelle,
_c1980.
300 _a318pages :
_billustrations,
_c24 cm
336 _2rda content
_atext
337 _2rda media
_aComputer
338 _2rda carrier
_aOnline Resource
504 _a
546 _aTexte en français
650 1 4 _aDroit pénal
_2
651 1 _2
856 4 0 _uhttps://fll.law.cu.edu.eg/fulltext/bks/B10-10646.pdf
905 _a50
942 _2ddc
_cBK
_e21
_n0
999 _c74624
_d74624